| 000 | 00869nam a22002777a 4500 | ||
|---|---|---|---|
| 999 |
_c8120 _d8120 |
||
| 001 | 21589 | ||
| 003 | BD-DhUAP | ||
| 005 | 20220621170439.0 | ||
| 008 | 180805t1996 enk 000 1 eng d | ||
| 020 | _a9780099740919 | ||
| 040 |
_aBD-DhAAL _bEng _cBD-DhUAP _dBD-DhUAP _eBD-DhUAP |
||
| 082 | 0 | 0 |
_a813.54 ATW _221 |
| 100 | 1 |
_aAtwood, Margaret, _d1939- _927672 |
|
| 245 | 1 | 4 |
_aThe handmaid's tale / _cMargaret Atwood. |
| 260 |
_aLondon : _bVintage Books, _c1996. |
||
| 300 |
_a324 pages ; _c21 cm. |
||
| 526 | _aENH | ||
| 650 | 0 |
_aMan-woman relationships _vFiction. _927673 |
|
| 650 | 0 |
_aMisogyny _vFiction. _927674 |
|
| 650 | 0 |
_aWomen _vFiction. _927675 |
|
| 655 | 7 |
_aFantasy fiction. _2gsafd _927680 |
|
| 655 | 7 |
_aDystopias. _2gsafd _927681 |
|
| 942 |
_2ddc _cBK |
||